Cuadernos del sur 3. prestigio de la palabra /
Guardado en:
| Otros Autores: | |
|---|---|
| Formato: | Libro |
| Publicado: |
Bah¡a Blanca :
Instituto de Humanidades,
1958
|
| Series: | Cuadernos del sur, 3
|
| Etiquetas: |
Agregar Etiqueta
Sin Etiquetas, Sea el primero en etiquetar este registro!
|
| LEADER | 00476nam a22001575a 4500 | ||
|---|---|---|---|
| 001 | CEM.cems006967 | ||
| 005 | 20060214000000.0 | ||
| 008 | 130507s1958##################000#0#####d | ||
| 003 | CEMS | ||
| 082 | 0 | 4 | |a 001.3 |
| 245 | 0 | 0 | |a Cuadernos del sur 3. prestigio de la palabra / |
| 260 | |a Bah¡a Blanca : |b Instituto de Humanidades, |c 1958 | ||
| 300 | |a 12 p. | ||
| 490 | 0 | |a Cuadernos del sur, 3 | |
| 700 | 1 | |a Ciocchini, Héctor E. | |
| 859 | |a CEMS |b BIB. CEMS - 11 de abril |h 001.3 |i C891-3 |p 11400.82 |t Ej.1 | ||
